|
|
|
|
| LEADER |
00000nam0a2200000 4500 |
| 001 |
368528 |
| 005 |
20231102012107.0 |
| 035 |
|
|
|a (RuTPU)RU\TPU\retro\25910
|
| 090 |
|
|
|a 368528
|
| 100 |
|
|
|a 20220413d1979 km y0rusy50 ca
|
| 101 |
0 |
|
|a rus
|
| 102 |
|
|
|a UA
|
| 105 |
|
|
|a y z 001zy
|
| 200 |
1 |
|
|a Социальные гносеологические и методологические проблемы геологических наук
|f Академия наук Украинской ССР ; под ред. М. А. Парнюка
|
| 210 |
|
|
|a Киев
|c Наукова думка
|d 1979
|
| 215 |
|
|
|a 344 с.
|
| 320 |
|
|
|a Библиография в ссылках
|
| 606 |
1 |
|
|a Геология
|x Философские проблемы
|2 stltpush
|3 (RuTPU)RU\TPU\subj\6111
|9 34070
|
| 610 |
1 |
|
|a геологические науки
|
| 610 |
1 |
|
|a социальные проблемы
|
| 610 |
1 |
|
|a гносеологические проблемы
|
| 610 |
1 |
|
|a методология
|
| 610 |
1 |
|
|a диалектический материализм
|
| 610 |
1 |
|
|a концепция
|
| 610 |
1 |
|
|a логико-гносеологический анализ
|
| 610 |
1 |
|
|a мировоззренческие вопросы
|
| 675 |
|
|
|a 55:1
|v 4
|
| 702 |
|
1 |
|a Парнюк
|b М. А.
|4 340
|
| 712 |
0 |
2 |
|a Академия наук Украинской ССР
|c (1936-1991)
|2 stltpush
|3 (RuTPU)RU\TPU\col\332
|9 23357
|
| 801 |
|
1 |
|a RU
|b 63413507
|c 20220413
|
| 942 |
|
|
|c BK
|